000 00843nam a2200253Ia 4500
003 OSt
005 20221005112100.0
006 a|||||r|||| 00| 0
007 ta
008 221004b |||||||| |||| 00| 0 hin d
024 _a28468
037 _cTextual
040 _aCRL
_cCRL
_bhin
041 _2hin
_ahin
082 _aNRz7, 152 L8
100 _aगर्ग, लक्ष्गीनारायण, संपा.
245 0 _aनिबंध संगीत
246 _aNibandha sangīta
260 _aहाथरस
_bसंगीत कार्यलय भारत
_c1978
300 _a634पृ.
_ccm.
650 _aसंगीत शास्त्र
942 _hNRz7, 152 L8
_cTEXL
_2cc
999 _c1023775
_d1023775